| 000 | 00592nam a2200157 i 4500 | ||
|---|---|---|---|
| 001 | 183774 | ||
| 003 | ES-MaACL | ||
| 005 | 20230906221951.0 | ||
| 008 | 141014s1877 sp |||| | spa d | ||
| 110 | 2 |
_aEspaña. _bTribunal de Cuentas del Reino. _9155705 |
|
| 245 | 1 | 0 | _aMemorias del Tribunal de Cuentas del Reino presentadas y reproducidas en la legislatura de 1877. |
| 260 |
_aMadrid : _b[s.n.], _c1877 ( _fImp. y fund. de la viuda é hijos de D. Antonio Garcia) |
||
| 300 |
_a275 p. ; _c32 cm. |
||
| 650 | 4 |
_aHacienda pública- _xControl- _zEspaña. _9164823 |
|
| 852 |
_aES-MaACL _jT-325-F-4 |
||
| 999 |
_c183774 _d183774 |
||